[Event "Rated Blitz game"]
[Site "?"]
[Date "2021.04.18"]
[Round "?"]
[White "dncwh26"]
[Black "RoadToFM-L"]
[Result "1/2-1/2"]
[WhiteElo "2249"]
[BlackElo "2479"]
[PlyCount "120"]
[EventDate "2021.??.??"]
[EventType "blitz"]

1. e4 e5 2. Nf3 d5 3. exd5 e4 4. Qe2 Nf6 5. d3 Bb4+ 6. Bd2 O-O 7. dxe4 Re8 8.
Bxb4 Rxe4 9. Qxe4 Nxe4 10. Bd3 Qxd5 11. O-O Nc6 12. Nc3 Nxc3 13. Bxc3 Bg4 14.
Rad1 Qh5 15. Be2 Re8 16. Rd2 h6 17. Rfd1 Re6 18. h3 Bxh3 19. gxh3 Qxh3 20. Nh2
Rg6+ 21. Bg4 h5 22. Rd3 Qh4 23. f3 hxg4 24. fxg4 Qe7 25. Re1 Qc5+ 26. Kh1 Re6
27. Red1 Qc4 28. b3 Qe4+ 29. Kg1 b5 30. a3 a5 31. Bb2 Qf4 32. Rf1 Qg5 33. Rf5
Qh4 34. Rf2 Re1+ 35. Kg2 b4 36. axb4 Nxb4 37. Rd7 Nxc2 38. Rxc2 Re4 39. Rcd2
Qxg4+ 40. Nxg4 Rxg4+ 41. Kf3 Rh4 42. Kg3 Rh6 43. Rd8+ Kh7 44. Rh2 Rxh2 45. Kxh2
Kg6 46. Kg3 f6 47. Kf4 Kf7 48. Rd7+ Ke6 49. Rxc7 g5+ 50. Kg4 Kd5 51. Bxf6 Kd6
52. Be5+ Kxe5 53. Rc5+ Kd6 54. Rxa5 Ke7 55. Rxg5 Kd7 56. Rg6 Ke7 57. Kf5 Kd7
58. Re6 Kc7 59. Rf6 Kc8 60. Ke6 Kd8 {Time forfeit} 1/2-1/2

[Event "Rated Blitz game"]
[Site "?"]
[Date "2021.04.18"]
[Round "?"]
[White "volvoxglobator"]
[Black "magos33"]
[Result "0-1"]
[WhiteElo "2423"]
[BlackElo "2400"]
[PlyCount "62"]
[EventDate "2021.??.??"]
[EventType "blitz"]

1. e4 e5 2. Nf3 d5 3. Nxe5 Bd6 4. d4 dxe4 5. Nc4 Nf6 6. Nxd6+ Qxd6 7. Bc4 O-O
8. O-O Bf5 9. Be3 Nc6 10. Nc3 a6 11. Qd2 Rad8 12. Rad1 h6 13. Ne2 Nd5 14. Bxd5
Qxd5 15. b3 Bh7 16. c4 Qh5 17. Ng3 Qh4 18. d5 Ne5 19. Bf4 Ng4 20. h3 g5 21.
Bxc7 Rd7 22. Bb6 f5 23. hxg4 f4 24. Nf5 Bxf5 25. gxf5 f3 26. Bc7 Rxc7 27. d6
Rc5 28. d7 Qg4 29. g3 Qh3 30. Qd5+ Rxd5 31. Rxd5 Qg2# {Normal} 0-1

[Event "Rated Blitz tournament Qo23ascG"]
[Site "?"]
[Date "2021.04.18"]
[Round "?"]
[White "Lex6699"]
[Black "Frutek"]
[Result "0-1"]
[WhiteElo "2482"]
[BlackElo "2489"]
[PlyCount "46"]
[EventDate "2021.??.??"]
[EventType "blitz"]

1. e4 e5 2. Nf3 d5 3. exd5 e4 4. Qe2 Nf6 5. Nc3 Bb4 6. Nxe4 O-O 7. Nxf6+ Qxf6
8. c3 Bd6 9. d4 Bg4 10. Be3 Nd7 11. h3 Bf5 12. g4 Be4 13. Bg2 Bxd5 14. c4 Bb4+
15. Kf1 Be4 16. a3 Be7 17. h4 Qe6 18. d5 Qxg4 19. h5 Rae8 20. Re1 Bf6 21. h6 g6
22. Rh2 Qf5 23. Nd4 Bxd4 {Normal} 0-1

[Event "Rated Blitz tournament jOCkETW0"]
[Site "?"]
[Date "2021.04.18"]
[Round "?"]
[White "Akbas_Kaan"]
[Black "dr_xStranger"]
[Result "1-0"]
[WhiteElo "2374"]
[BlackElo "2527"]
[PlyCount "77"]
[EventDate "2021.??.??"]
[EventType "blitz"]

1. e4 e5 2. Nf3 d5 3. Nxe5 Bd6 4. d4 dxe4 5. Nc4 Nf6 6. Nc3 O-O 7. Bg5 h6 8.
Bh4 Re8 9. Qd2 Nc6 10. O-O-O Bf5 11. Kb1 a5 12. Be2 Nb4 13. a3 e3 14. Nxe3 Rxe3
15. fxe3 Bxc2+ 16. Ka1 Bxd1 17. Rxd1 Be7 18. e4 Nc6 19. e5 Nd5 20. Bf2 Bb4 21.
Qc2 Bxc3 22. bxc3 Qe7 23. Qb2 Nf4 24. Bf3 Rd8 25. Bg3 Ng6 26. Ka2 h5 27. h3 h4
28. Be1 a4 29. c4 Qe8 30. Bc3 Nce7 31. d5 Nf5 32. Re1 Nf4 33. Qd2 g5 34. Bg4
Ng7 35. e6 f5 36. Qd4 Nfxe6 37. Rxe6 Qf7 38. Bh5 Qd7 39. Rg6 {Normal} 1-0

[Event "Rated Blitz tournament jOCkETW0"]
[Site "?"]
[Date "2021.04.18"]
[Round "?"]
[White "ataberktr26"]
[Black "babageldi2277"]
[Result "0-1"]
[WhiteElo "2432"]
[BlackElo "2654"]
[PlyCount "50"]
[EventDate "2021.??.??"]
[EventType "blitz"]

1. e4 e5 2. Nf3 d5 3. d4 dxe4 4. Nxe5 Nd7 5. Bf4 Ngf6 6. Bc4 Nxe5 7. Bxe5 Bd6
8. O-O O-O 9. Nc3 Ng4 10. Nxe4 Bxe5 11. dxe5 Qh4 12. h3 Nxe5 13. Bd3 Bf5 14.
Ng3 Bxd3 15. cxd3 Rad8 16. Qc2 Nxd3 17. Qxc7 f5 18. Qxb7 f4 19. Ne4 f3 20. Ng3
fxg2 21. Qxg2 Nf4 22. Qe4 Nxh3+ 23. Kh2 Nf4+ 24. Kg1 Rd6 25. Qh1 Qg4 {Normal}
0-1

[Event "Rated Blitz tournament J5QbBvZr"]
[Site "?"]
[Date "2021.04.18"]
[Round "?"]
[White "neurobyte"]
[Black "jflup"]
[Result "0-1"]
[WhiteElo "2347"]
[BlackElo "2409"]
[PlyCount "120"]
[EventDate "2021.??.??"]
[EventType "blitz"]

1. e4 e5 2. Nf3 d5 3. exd5 e4 4. Ne5 Qxd5 5. d4 exd3 6. Nxd3 Nf6 7. Nc3 Qf5 8.
Be2 Nc6 9. O-O Be7 10. Re1 O-O 11. Be3 Rd8 12. Qc1 a6 13. Bf3 Ng4 14. Bf4 Bd6
15. Bxd6 cxd6 16. Nd5 Be6 17. Nc7 Rac8 18. Nxe6 fxe6 19. h3 Nge5 20. Be4 Qf7
21. Qg5 Nxd3 22. Bxd3 h6 23. Qg3 Qf6 24. c3 Ne5 25. Bc2 b5 26. Bb3 Kh8 27. Rad1
a5 28. Bxe6 Qxe6 29. f4 Qxa2 30. fxe5 dxe5 31. Rxd8+ Rxd8 32. Rxe5 Qxb2 33. Re7
Qc1+ 34. Kh2 Qg5 35. Qxg5 hxg5 36. Ra7 a4 37. Ra5 Rb8 38. c4 bxc4 39. Rxa4 Rc8
40. Ra2 Kg8 41. Kg3 Kf7 42. Kg4 Kf6 43. Ra6+ Ke5 44. Kxg5 c3 45. Ra1 c2 46. Rc1
Rc6 47. g4 Ke4 48. h4 Kd3 49. h5 Kd2 50. Rg1 c1=Q 51. Rxc1 Kxc1 52. Kf5 Kd2 53.
g5 Ke3 54. g6 Kd4 55. h6 gxh6 56. g7 Rc8 57. Kg6 Ke5 58. Kxh6 Kf6 59. Kh7 Kf7
60. g8=N Rxg8 {Normal} 0-1

[Event "Rated Blitz game"]
[Site "?"]
[Date "2021.04.18"]
[Round "?"]
[White "volvoxglobator"]
[Black "magos33"]
[Result "0-1"]
[WhiteElo "2411"]
[BlackElo "2412"]
[PlyCount "58"]
[EventDate "2021.??.??"]
[EventType "blitz"]

1. e4 e5 2. Nf3 d5 3. exd5 e4 4. Qe2 Nf6 5. Nc3 Be7 6. Nxe4 Nxd5 7. d3 O-O 8.
Bd2 Re8 9. O-O-O f5 10. Ng3 Bf6 11. Be3 f4 12. Ne4 fxe3 13. fxe3 Nc6 14. c4 Nb6
15. h4 Bf5 16. Nxf6+ Qxf6 17. h5 Bg4 18. Nh4 Bxe2 19. Bxe2 Rxe3 20. h6 g6 21.
Rdf1 Qg5 22. Bf3 Rxf3+ 23. Kb1 Rxf1+ 24. Rxf1 Qxh4 25. Rd1 Nd4 26. Rc1 Qf2 27.
a3 Na4 28. Rc2 Qxc2+ 29. Ka2 Qxb2# {Normal} 0-1

[Event "Rated Rapid game"]
[Site "?"]
[Date "2021.04.18"]
[Round "?"]
[White "chesstactis72"]
[Black "el7or95"]
[Result "1-0"]
[WhiteElo "2431"]
[BlackElo "2270"]
[PlyCount "23"]
[EventDate "2021.??.??"]
[EventType "rapid"]

1. e4 e5 2. Nf3 d5 3. Nxe5 Nd7 4. Nxd7 Qxd7 5. d3 dxe4 6. dxe4 Qc6 7. Bd3 Nf6
8. Qe2 Bb4+ 9. c3 Bc5 10. Bb5 Bxf2+ 11. Kxf2 Nxe4+ 12. Qxe4+ {Normal} 1-0

[Event "Rated Blitz game"]
[Site "?"]
[Date "2021.04.18"]
[Round "?"]
[White "Satranc_Youtube"]
[Black "Erow"]
[Result "1-0"]
[WhiteElo "2694"]
[BlackElo "2646"]
[PlyCount "87"]
[EventDate "2021.??.??"]
[EventType "blitz"]

1. e4 e5 2. Nf3 d5 3. Nxe5 Bd6 4. d4 dxe4 5. Nc3 Nf6 6. Bc4 Bxe5 7. dxe5 Qxd1+
8. Kxd1 Ng4 9. Nxe4 Bf5 10. h3 Bxe4 11. hxg4 Bxg2 12. Rh2 Bf3+ 13. Be2 Bxe2+
14. Kxe2 Nc6 15. f4 O-O-O 16. c3 g5 17. Be3 gxf4 18. Bxf4 Rde8 19. Rah1 Nxe5
20. Bxe5 Rxe5+ 21. Kf3 Rg5 22. Rxh7 Rxh7 23. Rxh7 f5 24. Rh4 fxg4+ 25. Rxg4
Rxg4 26. Kxg4 Kd7 27. Kf4 Kd6 28. Ke4 Kc5 29. Ke5 a5 30. Ke6 Kc6 31. Ke7 b6 32.
Ke6 a4 33. Ke7 b5 34. a3 Kc5 35. Kd7 Kb6 36. Ke7 Kc5 37. Kd8 Kb6 38. Kc8 c5 39.
Kd7 c4 40. Kd6 Ka6 41. Kc6 Ka5 42. Kb7 b4 43. axb4+ Kb5 44. Kc7 {Normal} 1-0

[Event "Rated Blitz tournament J5QbBvZr"]
[Site "?"]
[Date "2021.04.18"]
[Round "?"]
[White "josuexp"]
[Black "jflup"]
[Result "0-1"]
[WhiteElo "2351"]
[BlackElo "2404"]
[PlyCount "46"]
[EventDate "2021.??.??"]
[EventType "blitz"]

1. e4 e5 2. Nf3 d5 3. Nxe5 Bd6 4. d4 dxe4 5. Bc4 Bxe5 6. dxe5 Qxd1+ 7. Kxd1 Nc6
8. Bf4 Bf5 9. Na3 Nge7 10. Nb5 O-O-O+ 11. Kc1 Ng6 12. Bg3 Ncxe5 13. Bb3 c6 14.
Nc3 Rd4 15. Ne2 Rd7 16. h4 h5 17. Nf4 Rhd8 18. Nxg6 Nxg6 19. c3 e3 20. fxe3 Rd2
21. Be1 Rxg2 22. Rf1 Be4 23. Bd1 Ne5 {Time forfeit} 0-1

[Event "Rated Blitz tournament jOCkETW0"]
[Site "?"]
[Date "2021.04.18"]
[Round "?"]
[White "MyNameIsUtQ"]
[Black "PVP_MACTEP"]
[Result "0-1"]
[WhiteElo "2264"]
[BlackElo "2402"]
[PlyCount "48"]
[EventDate "2021.??.??"]
[EventType "blitz"]

1. e4 e5 2. Nf3 d5 3. exd5 e4 4. Qe2 Nf6 5. Nc3 Be7 6. Nxe4 O-O 7. d3 Nxd5 8.
Bd2 Re8 9. c4 Nb4 10. O-O-O Nxa2+ 11. Kb1 Nb4 12. Bc3 a5 13. Qd2 N8c6 14. Be2
a4 15. h3 a3 16. bxa3 Rxa3 17. Bb2 Rb3 18. g4 Be6 19. g5 Qa8 20. Kc1 Qa2 21. h4
Ra8 22. Nc3 Qa1+ 23. Nb1 Na2+ 24. Kc2 Rxb2# {Normal} 0-1

[Event "Rated Blitz game"]
[Site "?"]
[Date "2021.04.18"]
[Round "?"]
[White "tripchance1996"]
[Black "anjaya01"]
[Result "1-0"]
[WhiteElo "2292"]
[BlackElo "2420"]
[PlyCount "31"]
[EventDate "2021.??.??"]
[EventType "blitz"]

1. e4 e5 2. Nf3 d5 3. Nxe5 Bd6 4. d4 dxe4 5. Be2 Bxe5 6. dxe5 Qxd1+ 7. Bxd1 Nc6
8. Nc3 Bf5 9. Bf4 Nge7 10. g4 Bxg4 11. Bxg4 Ng6 12. Bg3 Ngxe5 13. Be2 f5 14.
O-O-O g5 15. Bxe5 Nxe5 16. Rd5 {Normal} 1-0

[Event "Rated Blitz game"]
[Site "?"]
[Date "2021.04.18"]
[Round "?"]
[White "lun88"]
[Black "qnefe"]
[Result "0-1"]
[WhiteElo "2280"]
[BlackElo "2405"]
[PlyCount "72"]
[EventDate "2021.??.??"]
[EventType "blitz"]

1. e4 e5 2. Nf3 d5 3. Nxe5 Bd6 4. d4 dxe4 5. Nc4 Nf6 6. Nc3 O-O 7. Bg5 Re8 8.
Be2 h6 9. Bh4 c6 10. Nxd6 Qxd6 11. Bg3 Qd8 12. Qd2 Bf5 13. O-O Nbd7 14. a4 Nb6
15. a5 Nbd5 16. Nxd5 cxd5 17. c3 Bg4 18. Bb5 Bd7 19. Bxd7 Qxd7 20. f3 exf3 21.
Rxf3 Ne4 22. Qd3 Re6 23. Raf1 f6 24. c4 Rae8 25. cxd5 Qxd5 26. Rf5 Qd7 27. d5
R6e7 28. d6 Re6 29. Qd5 Kh7 30. R5f3 Nxg3 31. Rxg3 Rxd6 32. Qc4 Rd4 33. Qc2+
Kh8 34. Qg6 Rd2 35. Rxf6 Re1+ 36. Rf1 Qd4+ {Normal} 0-1

[Event "Rated Blitz game"]
[Site "?"]
[Date "2021.04.18"]
[Round "?"]
[White "KING-SOLOMUN1"]
[Black "annaly1979"]
[Result "0-1"]
[WhiteElo "2339"]
[BlackElo "2400"]
[PlyCount "56"]
[EventDate "2021.??.??"]
[EventType "blitz"]

1. e4 e5 2. Nf3 d5 3. Nxe5 Qe7 4. d4 f6 5. Qh5+ g6 6. Nxg6 Qxe4+ 7. Be3 Qxg6 8.
Qf3 Ne7 9. Nc3 c6 10. Bd3 Bf5 11. O-O-O Nd7 12. h3 Bxd3 13. Rxd3 O-O-O 14. Bf4
h5 15. Kb1 Bh6 16. Bh2 Nf5 17. Na4 Rhe8 18. Ra3 Nxd4 19. Qc3 Nb5 20. Qa5 Nxa3+
21. bxa3 Ne5 22. Qxa7 Qe4 23. f3 Qe3 24. Qa8+ Kc7 25. Qa5+ Kb8 26. Nb6 d4 27.
Re1 Qc3 28. Qa4 Qxe1+ {Normal} 0-1

[Event "Rated Blitz game"]
[Site "?"]
[Date "2021.04.18"]
[Round "?"]
[White "Lex6699"]
[Black "pasha1984"]
[Result "0-1"]
[WhiteElo "2489"]
[BlackElo "2495"]
[PlyCount "54"]
[EventDate "2021.??.??"]
[EventType "blitz"]

1. e4 e5 2. Nf3 d5 3. exd5 e4 4. Qe2 Nf6 5. Nc3 Be7 6. Nxe4 Nxd5 7. d4 O-O 8.
Qd1 Re8 9. Bd3 f5 10. Ned2 Bf6+ 11. Kf1 c5 12. dxc5 Nc6 13. g3 f4 14. Kg2 Ncb4
15. Bc4 Be6 16. c3 Nc6 17. Ne4 Ne3+ 18. fxe3 Bxc4 19. Nxf6+ Qxf6 20. gxf4 Qg6+
21. Kf2 Rad8 22. Nd4 Ne7 23. Rg1 Qh6 24. Qg4 Nd5 25. b3 Ba6 26. c4 Nf6 27. Qg5
Ne4+ {Normal} 0-1

[Event "Rated Rapid game"]
[Site "?"]
[Date "2021.04.17"]
[Round "?"]
[White "Fabien75"]
[Black "jamesomac"]
[Result "1-0"]
[WhiteElo "2284"]
[BlackElo "2400"]
[PlyCount "119"]
[EventDate "2021.??.??"]
[EventType "rapid"]

1. e4 e5 2. Nf3 d5 3. Nxe5 Bd6 4. d4 dxe4 5. Bc4 Bxe5 6. Qh5 g6 7. Qxe5+ Be6 8.
Bxe6 Qf6 9. Qb5+ Kf8 10. Qxb7 Qxe6 11. Qxa8 Qb6 12. Qd5 Nc6 13. O-O Kg7 14. b3
Nge7 15. Qc5 Rd8 16. Bb2 Qxc5 17. dxc5+ Kf8 18. Nc3 f5 19. Rad1 a6 20. Rxd8+
Nxd8 21. Rd1 Ne6 22. b4 Ke8 23. Nd5 Nxd5 24. Rxd5 Nf4 25. Re5+ Kd7 26. g3 Nh3+
27. Kg2 Ng5 28. h4 Nf3 29. Rd5+ Kc6 30. c4 Ne1+ 31. Kf1 Nd3 32. Bc3 Nc1 33. Rd2
Nd3 34. Rxd3 exd3 35. Ke1 Kb7 36. Kd2 Kc6 37. Kxd3 h6 38. Kd4 h5 39. Ke5 Kd7
40. Kf6 f4 41. Kxg6 fxg3 42. fxg3 Ke6 43. Kxh5 c6 44. g4 Kd7 45. g5 Ke7 46. Kh6
Kf7 47. Kh7 Ke6 48. g6 a5 49. bxa5 Kf5 50. g7 Ke4 51. g8=Q Kd3 52. Bf6 Ke3 53.
Qg3+ Ke2 54. Bd4 Kd2 55. Qe3+ Kd1 56. Qf2 Kc1 57. Qb2+ Kd1 58. Be3 Ke1 59. Qd2+
Kf1 60. Qf2# {Normal} 1-0

[Event "Rated Blitz tournament 2Vo9xrql"]
[Site "?"]
[Date "2021.04.17"]
[Round "?"]
[White "Tlatoani_Montezuma"]
[Black "Marina170911"]
[Result "1-0"]
[WhiteElo "2555"]
[BlackElo "2205"]
[PlyCount "29"]
[EventDate "2021.??.??"]
[EventType "blitz"]

1. e4 e5 2. Nf3 d5 3. exd5 e4 4. Qe2 Nf6 5. d3 Qxd5 6. Nbd2 Bf5 7. dxe4 Nxe4 8.
Ng5 Bb4 9. c3 O-O 10. Ngxe4 Bxe4 11. Nxe4 Re8 12. cxb4 Rxe4 13. Be3 Rxb4 14.
Rd1 Qxa2 15. Rd8# {Normal} 1-0

[Event "Rated Blitz game"]
[Site "?"]
[Date "2021.04.17"]
[Round "?"]
[White "stupid_box"]
[Black "Gifroy"]
[Result "0-1"]
[WhiteElo "2366"]
[BlackElo "2427"]
[PlyCount "96"]
[EventDate "2021.??.??"]
[EventType "blitz"]

1. e4 e5 2. Nf3 d5 3. Nc3 dxe4 4. Nxe4 Nf6 5. Nxf6+ Qxf6 6. Be2 Nc6 7. O-O e4
8. Ne1 Bf5 9. d3 O-O-O 10. Be3 Bb4 11. Rb1 Bxe1 12. Rxe1 Qg6 13. d4 Ne5 14. c4
Bh3 15. g3 Qf5 16. b4 Nf3+ 17. Bxf3 exf3 18. c5 Bg4 19. b5 Qh5 20. Qd3 Qh3 21.
Qf1 h5 22. Qxh3 Bxh3 23. b6 axb6 24. cxb6 c6 25. a4 Rd5 26. Rec1 h4 27. Rc5
Rxc5 28. dxc5 hxg3 29. fxg3 Be6 30. Rf1 Bd5 31. a5 Re8 32. Kf2 Re4 33. a6 bxa6
34. Rb1 Kb7 35. h4 a5 36. h5 a4 37. h6 gxh6 38. Rh1 a3 39. Rxh6 a2 40. Rh1 Rb4
41. Ra1 Rb1 42. Bd4 f5 43. Ke3 Ka6 44. Kf2 Kb5 45. Ke3 Kc4 46. Rxa2 Rb3+ 47.
Kf4 Kxd4 48. Rd2+ Kc4 {Normal} 0-1

[Event "Rated Blitz game"]
[Site "?"]
[Date "2021.04.17"]
[Round "?"]
[White "Jaimtap"]
[Black "anjaya01"]
[Result "1/2-1/2"]
[WhiteElo "2373"]
[BlackElo "2434"]
[PlyCount "114"]
[EventDate "2021.??.??"]
[EventType "blitz"]

1. e4 e5 2. Nf3 d5 3. d4 dxe4 4. Nxe5 Bd6 5. Bc4 Bxe5 6. dxe5 Qxd1+ 7. Kxd1 Nc6
8. Bf4 Nge7 9. Bb5 Bg4+ 10. Ke1 O-O-O 11. Nd2 Bf5 12. c3 a6 13. Ba4 Ng6 14.
Bxc6 Nxf4 15. Bxe4 Bxe4 16. Nxe4 Rhe8 17. Kf1 Rxe5 18. Re1 Rde8 19. g3 Rxe4 20.
Rxe4 Rxe4 21. gxf4 Rxf4 22. Rg1 g6 23. Rg3 Kd7 24. Re3 f5 25. Kg2 Ra4 26. a3
Rg4+ 27. Kf3 Rh4 28. Kg3 f4+ 29. Kxh4 fxe3 30. fxe3 h6 31. Kg4 Ke6 32. Kf4 g5+
33. Kg4 Ke5 34. Kh5 Kf5 35. Kxh6 c5 36. Kh5 c4 37. h3 b5 38. e4+ Kxe4 39. Kxg5
Kd3 40. h4 Kc2 41. h5 Kxb2 42. h6 Kxc3 43. h7 Kb3 44. h8=Q Kxa3 45. Qa1+ Kb3
46. Qxa6 c3 47. Qxb5+ Ka3 48. Qc5+ Kb3 49. Kf4 c2 50. Ke3 Kb2 51. Qb4+ Ka1 52.
Qc3+ Kb1 53. Qb3+ Ka1 54. Qa3+ Kb1 55. Kd3 c1=Q 56. Qb3+ Qb2 57. Qxb2+ Kxb2 {
Normal} 1/2-1/2

[Event "Rated Blitz game"]
[Site "?"]
[Date "2021.04.17"]
[Round "?"]
[White "pseudonymous3"]
[Black "pasha1984"]
[Result "0-1"]
[WhiteElo "2387"]
[BlackElo "2413"]
[PlyCount "94"]
[EventDate "2021.??.??"]
[EventType "blitz"]

1. e4 e5 2. Nf3 d5 3. exd5 e4 4. Qe2 Nf6 5. d3 Qxd5 6. dxe4 Qxe4 7. Nc3 Bb4 8.
Bd2 Qxe2+ 9. Bxe2 Be6 10. a3 Ba5 11. Nd4 Bg4 12. f3 Bd7 13. O-O-O Nc6 14. Nb3
Bb6 15. Na4 O-O-O 16. Nxb6+ axb6 17. Rhe1 Be6 18. Bg5 Rxd1+ 19. Rxd1 Nd5 20.
Nd4 Nxd4 21. Rxd4 h6 22. Bd2 c5 23. Ra4 Kc7 24. Bb5 Bd7 25. Bxd7 Kxd7 26. Rg4
g6 27. c4 Nc7 28. Bc3 Re8 29. Re4 Rxe4 30. fxe4 b5 31. b3 bxc4 32. bxc4 Ne8 33.
Kd2 Nd6 34. Kd3 Ke6 35. Ba5 Kd7 36. g4 h5 37. h3 hxg4 38. hxg4 f5 39. exf5 gxf5
40. g5 Ne4 41. g6 Ke6 42. Bd8 Nf2+ 43. Kc3 Ng4 44. Kd3 Ne5+ 45. Ke3 Nxg6 46.
Bb6 Ne5 47. a4 Nxc4+ {Normal} 0-1

[Event "Rated Blitz game"]
[Site "?"]
[Date "2021.04.17"]
[Round "?"]
[White "Sultai"]
[Black "blastol"]
[Result "0-1"]
[WhiteElo "2270"]
[BlackElo "2422"]
[PlyCount "32"]
[EventDate "2021.??.??"]
[EventType "blitz"]

1. e4 e5 2. Nf3 d5 3. exd5 Bd6 4. d4 e4 5. Ne5 Nf6 6. Be2 O-O 7. O-O Re8 8. Bf4
Nbd7 9. Nxd7 Bxf4 10. Nxf6+ Qxf6 11. g3 Bd6 12. c4 Bh3 13. Re1 e3 14. f4 Bxf4
15. gxf4 Qg6+ 16. Bg4 Bxg4 {Normal} 0-1

[Event "Rated Blitz game"]
[Site "?"]
[Date "2021.04.17"]
[Round "?"]
[White "Habedere"]
[Black "blastol"]
[Result "1-0"]
[WhiteElo "2293"]
[BlackElo "2428"]
[PlyCount "127"]
[EventDate "2021.??.??"]
[EventType "blitz"]

1. e4 e5 2. Nf3 d5 3. d3 Bd6 4. exd5 f5 5. Nc3 Nf6 6. Bg5 O-O 7. Qd2 Qe8 8.
Bxf6 Rxf6 9. O-O-O b5 10. Kb1 b4 11. Ne2 Bb7 12. c4 bxc3 13. Nxc3 Bb4 14. Re1
Nd7 15. Qc2 Rb8 16. Ka1 Ra6 17. d4 Ra5 18. Nxe5 Bxd5 19. Bc4 Nxe5 20. Rxe5 Bxc4
21. Rxe8+ Rxe8 22. b3 Ba6 23. Rd1 Ra3 24. Kb2 Ra5 25. Qd2 Re2 26. Nxe2 Bxd2 27.
Rxd2 Bxe2 28. Rxe2 Kf7 29. Re5 Rxe5 30. dxe5 Ke6 31. f4 g5 32. g3 h5 33. Kc3
Kd5 34. Kd3 c5 35. fxg5 Kxe5 36. h4 a6 37. Kc4 Kd6 38. a4 a5 39. g6 Ke6 40.
Kxc5 Kf6 41. Kd5 Kxg6 42. Ke6 Kg7 43. Kxf5 Kh6 44. Kf6 Kh7 45. Kg5 Kg7 46. Kxh5
Kf6 47. g4 Ke5 48. g5 Kd5 49. g6 Kc5 50. g7 Kb4 51. g8=Q Ka3 52. Qd5 Kb4 53.
Qb5+ Ka3 54. Qxa5 Ka2 55. Qc5 Kb2 56. b4 Kb3 57. b5 Ka2 58. b6 Ka1 59. b7 Ka2
60. b8=Q Ka1 61. a5 Ka2 62. a6 Ka1 63. a7 Ka2 64. a8=Q# {Normal} 1-0

[Event "Rated Blitz game"]
[Site "?"]
[Date "2021.04.17"]
[Round "?"]
[White "vascodiogo17"]
[Black "blastol"]
[Result "0-1"]
[WhiteElo "2449"]
[BlackElo "2412"]
[PlyCount "32"]
[EventDate "2021.??.??"]
[EventType "blitz"]

1. e4 e5 2. Nf3 d5 3. d3 Bd6 4. exd5 f5 5. c4 Nf6 6. Nc3 O-O 7. Be3 Qe8 8. Qb3
Kh8 9. O-O-O f4 10. Bd2 Nbd7 11. Ne4 Nxe4 12. dxe4 Nc5 13. Qc2 Nxe4 14. Qxe4
Bf5 15. Qe1 Qa4 16. b3 Ba3# {Normal} 0-1

[Event "Rated Blitz tournament 6PrQOZfz"]
[Site "?"]
[Date "2021.04.17"]
[Round "?"]
[White "LudovicM59"]
[Black "lavilaine"]
[Result "0-1"]
[WhiteElo "2441"]
[BlackElo "2363"]
[PlyCount "60"]
[EventDate "2021.??.??"]
[EventType "blitz"]

1. e4 e5 2. Nf3 d5 3. Nc3 d4 4. Ne2 Bd6 5. Ng3 c5 6. Bc4 Nc6 7. d3 Nge7 8. O-O
Bg4 9. h3 Bxf3 10. Qxf3 f6 11. Nf5 Nxf5 12. exf5 Qe7 13. Bb5 Qc7 14. Qh5+ Qf7
15. Bxc6+ bxc6 16. Qf3 Qd5 17. c4 Qxf3 18. gxf3 O-O-O 19. Bd2 h5 20. Kh1 h4 21.
Rg1 Rdg8 22. Rg6 Rh5 23. Rag1 Rxf5 24. Rxg7 Rxg7 25. Rxg7 Rxf3 26. Rxa7 Rxh3+
27. Kg2 Rxd3 28. Be1 h3+ 29. Kf1 h2 30. Rh7 e4 {Normal} 0-1

[Event "Rated Blitz game"]
[Site "?"]
[Date "2021.04.17"]
[Round "?"]
[White "Cesmaster"]
[Black "lastemperor1"]
[Result "1/2-1/2"]
[WhiteElo "2413"]
[BlackElo "2302"]
[PlyCount "145"]
[EventDate "2021.??.??"]
[EventType "blitz"]

1. e4 e5 2. Nf3 d5 3. Nxe5 Bd6 4. d4 dxe4 5. Nc4 Nf6 6. Nxd6+ Qxd6 7. c4 O-O 8.
Nc3 Nc6 9. d5 Ne5 10. Be2 c6 11. Bf4 cxd5 12. Nxd5 Nxd5 13. Qxd5 Qb4+ 14. Bd2
Qxb2 15. O-O Be6 16. Qa5 b6 17. Qc3 Qxc3 18. Bxc3 Bxc4 19. Bxe5 Bxe2 20. Rfc1
Rfc8 21. a4 f6 22. Bf4 Kf7 23. a5 b5 24. a6 b4 25. Rcb1 Rc4 26. Ra4 b3 27. Ra3
g5 28. Be3 Rb4 29. h3 b2 30. Ra2 Rab8 31. Bxa7 R8b5 32. Be3 Bd3 33. a7 Bxb1 34.
Rxb2 Rxb2 35. a8=Q Bd3 36. Qc6 Rb7 37. Qd5+ Kg7 38. Kh2 R2b5 39. Qc6 h5 40. g4
hxg4 41. hxg4 Kg6 42. Qe6 Re5 43. Qc6 Rbe7 44. Kg3 Be2 45. Qc8 Bf3 46. Qg8+ Rg7
47. Qd8 Ree7 48. Qd5 Rh7 49. Qf5+ Kg7 50. Bxg5 fxg5 51. Qxg5+ Kh8 52. Qf6+ Reg7
53. Qf8+ Rg8 54. Qf6+ Rhg7 55. Kf4 Kh7 56. g5 Rxg5 57. Ke3 R5g6 58. Qh4+ Kg7
59. Qe7+ Kh8 60. Qh4+ Kg7 61. Qf4 Kh7 62. Qc7+ R8g7 63. Qe5 Kg8 64. Qe8+ Kh7
65. Qe5 Rg8 66. Qh5+ Kg7 67. Qf5 Kh7 68. Qf4 Kg7 69. Qh4 Kf7 70. Qh3 R8g7 71.
Qd7+ Kg8 72. Qe8+ Kh7 73. Qe5 {Normal} 1/2-1/2

[Event "Rated Blitz game"]
[Site "?"]
[Date "2021.04.17"]
[Round "?"]
[White "KingSlayerK"]
[Black "Gifroy"]
[Result "1-0"]
[WhiteElo "2383"]
[BlackElo "2402"]
[PlyCount "55"]
[EventDate "2021.??.??"]
[EventType "blitz"]

1. e4 e5 2. Nf3 d5 3. Nxe5 Bd6 4. d4 dxe4 5. Qe2 Nf6 6. Bg5 Bf5 7. Nc3 O-O 8.
O-O-O Nbd7 9. Nd5 c6 10. Nxd7 cxd5 11. Nxf8 Bxf8 12. Be3 Rc8 13. Kb1 a6 14. h3
b5 15. g4 Be6 16. g5 Nd7 17. h4 Nb6 18. Bh3 Na4 19. Bxe6 fxe6 20. Qg4 Qd6 21.
c3 Rc6 22. h5 b4 23. cxb4 Qxb4 24. Rd2 Rb6 25. b3 Nc3+ 26. Ka1 Nb5 27. Rc1 Nxd4
28. Rxd4 {Normal} 1-0

[Event "Rated Blitz game"]
[Site "?"]
[Date "2021.04.17"]
[Round "?"]
[White "flashboy"]
[Black "pasha1984"]
[Result "1-0"]
[WhiteElo "2368"]
[BlackElo "2431"]
[PlyCount "171"]
[EventDate "2021.??.??"]
[EventType "blitz"]

1. e4 e5 2. Nf3 d5 3. Nc3 d4 4. Ne2 Bd6 5. d3 Ne7 6. Ng3 Nbc6 7. Be2 Be6 8. c3
dxc3 9. bxc3 h6 10. Be3 O-O 11. O-O f5 12. exf5 Nxf5 13. Nxf5 Bxf5 14. d4 exd4
15. cxd4 Kh8 16. Qa4 a6 17. Rac1 Be4 18. Nd2 Bd5 19. Bf3 Bxf3 20. Nxf3 Rxf3 21.
gxf3 Qh4 22. Rfe1 Qxh2+ 23. Kf1 Rf8 24. Rxc6 Qh1+ 25. Ke2 Qxf3+ 26. Kd2 Qxc6
27. Qxc6 bxc6 28. Rc1 Rf6 29. Kd3 Bb4 30. Ke4 Kh7 31. Rh1 Re6+ 32. Kf5 Rd6 33.
Ke4 Re6+ 34. Kf5 Rd6 35. Ke4 a5 36. a4 Re6+ 37. Kf5 Rf6+ 38. Ke4 Kg6 39. Rg1+
Kf7 40. Rh1 Re6+ 41. Kd3 g5 42. f4 g4 43. f5 Rf6 44. Ke4 Kg7 45. Kf4 g3 46.
Kxg3 Rxf5 47. Bxh6+ Kf7 48. Bf4 Bd6 49. Bxd6 cxd6 50. Rh7+ Ke6 51. Rc7 c5 52.
dxc5 Rxc5 53. Ra7 Kd5 54. Kf3 Kc4 55. Ke4 Kb4 56. Rd7 Rc6 57. Kd5 Rb6 58. Rh7
Kxa4 59. Rh1 Kb5 60. Rb1+ Ka6 61. Ra1 Rb5+ 62. Kxd6 Kb6 63. Rh1 Rb2 64. Rh8
Rd2+ 65. Ke5 Kb5 66. Ke4 a4 67. Rb8+ Kc4 68. Ke3 Rd7 69. Rc8+ Kb3 70. Rb8+ Ka2
71. Ke4 a3 72. Ke5 Rd2 73. Ke6 Ka1 74. Ke5 a2 75. Ke6 Rb2 76. Rf8 Kb1 77. Rf1+
Kc2 78. Rf2+ Kb3 79. Rf3+ Ka4 80. Rf4+ Rb4 81. Rf1 Ka3 82. Rf3+ Rb3 83. Rf1 Rb1
84. Rf8 Rb3 85. Kf7 Kb2 86. Kg8 {Time forfeit} 1-0

[Event "Rated Blitz game"]
[Site "?"]
[Date "2021.04.17"]
[Round "?"]
[White "Starazagora"]
[Black "annaly1979"]
[Result "1/2-1/2"]
[WhiteElo "2437"]
[BlackElo "2420"]
[PlyCount "93"]
[EventDate "2021.??.??"]
[EventType "blitz"]

1. e4 e5 2. Nf3 d5 3. Nxe5 Qe7 4. d4 f6 5. Ng4 Nc6 6. Ne3 Qxe4 7. c3 Nge7 8.
Bd3 Qh4 9. Nd2 Be6 10. Nf3 Qh5 11. b4 a6 12. a4 Ng6 13. Nf1 Bd6 14. Ng3 Bxg3
15. fxg3 O-O 16. O-O Rae8 17. Bd2 Bg4 18. Qc2 Nce7 19. Rae1 Bd7 20. Re2 Nf5 21.
Rfe1 Rxe2 22. Rxe2 Nd6 23. Bxg6 hxg6 24. Re7 Bf5 25. Qb3 c6 26. Bf4 Nc4 27.
Rxb7 g5 28. Bc1 Be4 29. Qd1 Qe8 30. h3 g4 31. hxg4 Nd6 32. Rc7 Bg6 33. Bf4 Ne4
34. Ra7 Nxc3 35. Qe1 Ne2+ 36. Kf2 Bd3 37. Be3 Qb8 38. Qd2 Bc4 39. Re7 Re8 40.
Rxe8+ Qxe8 41. Bf4 Qe4 42. Qe3 Qc2 43. Qe8+ Kh7 44. Qh5+ Kg8 45. Qe8+ Kh7 46.
Qh5+ Kg8 47. Qe8+ {Normal} 1/2-1/2